000 00460nam a2200181Ia 4500
001 23958
005 20260414151012.0
008 260414t2013||||xx |||||||||||||| ||spa||
041 _aESP
082 _a726.1
_bF41
100 _aFernández-Cobián, Esteban
_eAUT
245 0 _aEscritos sobre arquitectura religiosa contemporánea
_b
260 _c2013
300 _a238 páginas :
_c20 cm.
650 _aABD
654 _aCAU
942 _cLIB
_dJUS
_fJUS
_2ddc
_n
999 _c23958
_d23958